Statystyki dla Największe miasta w Polsce na literę K

Kliknij tutaj aby rozwiązać quiz!

Ogólne statystyki

  • Ten quiz został rozwiązany 5 161 razy
  • Średni wynik to 7 z 10

Statystyki odpowiedzi

Rank.Liczba mieszańcówWojewództwoMiasto% Poprawnych
1.779.115małopolskieKraków
99%
2.292.774śląskieKatowice
93%
3.194.852świętokrzyskieKielce
87%
4.107.048zachodniopomorskieKoszalin
70%
5.100.246wielkopolskieKalisz
65%
9.46.259zachodniopomorskieKołobrzeg
65%
6.73.522wielkopolskieKonin
63%
8.46.291podkarpackieKrosno
51%
7.60.641opolskieKędzierzyn-Koźle
43%
10.43.911łódzkieKutno
36%

Rozkład punktacji

Percentyl według liczby udzielonych odpowiedzi

Procent ludzi z każdym wynikiem

Twoja historia wyników

Nie rozwiązałeś tego quizu